Mandela Catalogue Characters - Statistics

General Stats
  • This quiz has been taken 27 times
  • The average score is 12 of 51
Answer Stats
Species Date of Death Answer % Correct
Unknown Alive 6
88%
Human 4579 BC3074 BC 2830 BC Adam
88%
Unknown Unknown John
71%
Alternate Alive N
71%
Human Alive Cesar Torres
67%
Human 8th Century BC Jonah
67%
Human 1992 Mark Heathcliff
67%
Fallen Angel/Alternate Alive Archangel Gabriel
63%
Human Unknown (Dead) Thatcher Davis
58%
Human (Formerly)Alternate 1992 Adam Murray
54%
Human Alive Sarah Heathcliff
50%
Human 14 January 2009 Dave Lee
42%
Human Alive Jude Murray
42%
Human September 1992 Ruth Weaver
42%
Alternate Alive Alternate
38%
Human Winter 2009 Jonah Marshall
38%
Human 1992 Lynn Murray
33%
MortalEloah 7th April 3027th April 31 3 April 33 Alive Jesus Christ
29%
Human Unknown (Dead) Joseph
29%
Unknown None Stanley
29%
Human Unknown (Dead) Noah
25%
Human Alive XXxNOAHxXX
25%
Human Alive Evelin Miller
21%
Human Unknown Mary
21%
Alternate Alive Preacher
17%
Cherubim/SeraphinArchdemon Alive Lucifer
13%
Unknown Unknown Shepherd
13%
Human Alive Amanda1287643
8%
Chartreux Cat 2006 Jonny
8%
Human 970 BC King David
8%
Human Alive Bartholomew Jojo Simpson
0%
Human Alive Boy
0%
Human Alive Chloe
0%
Human Alive Concerned Friend
0%
Human 2009 Dave Lee (Infiltration Reel)
0%
Alternates Alive Doorway Alternates
0%
Alternate Alive Faceless Alternate
0%
Alternate Alive Faceless Girl
0%
Angel 1 Gabriel the Archangel
0%
Human Alive Jane Heathcliff
0%
Human Alive Joel Hayes
0%
Eloah Alive Lord Yahweh
0%
Human Second half of the 1st century Mark The Evangelist
0%
Human Alive Mary Hayes
0%
Human Unknown Mary Magdalena
0%
Human Alive Mervin Marshall
0%
Unknown Alive Ouija Entity
0%
Alternate Alive Perpetrator
0%
Humans Unknown Shepherds
0%
Unknown Unknown Unknown Speaker
0%
Alternate Alive Unnamed Woman
0%
No matching quizzes found
Score Distribution
Percent of People with Each Score
Percentile by Number Answered
Your Score History
You have not taken this quiz